Nama Ramayana Mahima/ (Record no. 180058)

MARC details
000 -LEADER
fixed length control field 00834 a2200217 4500
005 - DATE AND TIME OF LATEST TRANSACTION
control field 20210722154545.0
010 ## - LCCN (DPL NO)
LC control number ENG-129621-23
020 ## - INTERNATIONAL STANDARD BOOK NUMBER
Terms of availability 334.00 (v.I)
International Standard Book Number 978-81-7505-499-8
020 ## - INTERNATIONAL STANDARD BOOK NUMBER
Terms of availability 333.00(v.II)
International Standard Book Number 978-81-7505-500-1
020 ## - INTERNATIONAL STANDARD BOOK NUMBER
Terms of availability 333.00(v.III)
International Standard Book Number 978-81-7505-501-8
035 ## - SYSTEM CONTROL NUMBER
System control number EN-113153-55
037 ## - SOURCE OF ACQUISITION
Source of stock number/acquisition DBAD / PUB
082 14 - DEWEY DECIMAL CLASSIFICATION NUMBER
Classification number 230.1
100 1# - MAIN ENTRY--PERSONAL NAME
Personal name Harshananda, Swami
245 1# - TITLE STATEMENT
Title Nama Ramayana Mahima/
Statement of responsibility, etc By Swami Harshananda
260 ## - PUBLICATION, DISTRIBUTION, ETC. (IMPRINT)
Place of publication, distribution, etc Uttarakhand
Name of publisher, distributor, etc Advaita Ashrama
Date of publication, distribution, etc 2020
270 ## - ADDRESS
Address Mayavati, Champawat,
City Uttarakhand
State or province Uttarakhand
300 ## - PHYSICAL DESCRIPTION
Extent 3 V. (V 1, 671p.; V 2, 549p. V 3, 599p)
Dimensions 23cm(hbk)
505 ## - FORMATTED CONTENTS NOTE
Formatted contents note V.I-(Balakanda, Ayodhyakanda, Aranyakanda and Kiskindhakanda); <br/>V.II-(Sundarakanda and Yuddhakanda), <br/>V.III (Yuddhakanda and Uttarakanda)
942 ## - ADDED ENTRY ELEMENTS (KOHA)
Institution code [OBSOLETE] dpl
Item type English Books
Source of classification or shelving scheme Dewey Decimal Classification
Classification part 230.1
Call number suffix HAR
Holdings
Withdrawn status Lost status Materials specified (bound volume or other part) Not for loan Collection code Home library Current library Date acquired Source of acquisition Cost, normal purchase price Full call number Barcode Copy number Cost, replacement price Koha item type
    VOL.I   Non-fiction Central Library Central Library 22/07/2021 DBAD/PUB 334.00 230.1 HAR EN-113153 1 334.00 English Books
    VOL.II   Non-fiction Central Library Central Library 22/07/2021 DBAD/PUB 333.00 230.1 HAR EN-113154 1 333.00 English Books
    VOL.III   Non-fiction Central Library Central Library 22/07/2021 DBAD/PUB 333.00 230.1 HAR EN-113155 1 333.00 English Books

© Delhi Public Library
Hit Counter
free hit counter